Statistics for Very American Girls Names 2021

Click here to take the quiz!

General Stats

  • This quiz has been taken 25 times
  • The average score is 28 of 100

Answer Stats

Answer% Correct
5Addison
54%
3Avery
54%
17Allison
50%
67Brianna
50%
10Brooklyn
50%
2Gianna
50%
99Angela
46%
54Kylie
46%
6Lillian
46%
30Brielle
42%
92Kimberly
42%
32Mackenzie
42%
7Natalie
42%
25Vivian
42%
44Adalyn
38%
31Adalynn
38%
21Adeline
38%
61Andrea
38%
60Ashley
38%
37Elliana
38%
59Emerson
38%
28Hadley
38%
15Hailey
38%
75Harmony
38%
62June
38%
40Juniper
38%
52Katherine
38%
12Kennedy
38%
22Madeline
38%
82Morgan
38%
69Ruth
38%
98Alyssa
33%
45Arianna
33%
93Ariel
33%
76Blake
33%
35Charlie
33%
41Kaylee
33%
13Madelyn
33%
29Parker
33%
27Samantha
33%
4Zoey
33%
55Bailey
29%
16Caroline
29%
14Genesis
29%
8Kinsley
29%
26Raelynn
29%
34Reagan
29%
64Sage
29%
72Taylor
29%
53Valeria
29%
49Valerie
29%
51Blakely
25%
1Camila
25%
58Catalina
25%
38Cecilia
25%
46Emersyn
25%
19Emery
25%
50Genevieve
25%
85Juliana
25%
95Kamila
25%
11Leilani
25%
91London
25%
33Margaret
25%
36Melanie
25%
79Noelle
25%
73Oakley
25%
89Sawyer
25%
18Serenity
25%
56Ember
21%
87Finley
21%
71Gemma
21%
20Jade
21%
83Oaklynn
21%
88Presley
21%
47Reese
21%
80Selena
21%
43Sloane
21%
96Vera
21%
39Ximena
21%
66Alani
17%
100Ana
17%
9Claire
17%
65Juliette
17%
97Kaia
17%
48Kehlani
17%
63Khloe
17%
42Magnolia
17%
84Zuri
17%
77Aspen
13%
70Aubree
13%
68Brynlee
13%
81Londyn
13%
90Marley
13%
94Nyla
13%
78Alaina
4%
24Everleigh
4%
86Jordyn
4%
74Journee
4%
23Rylee
4%
57Ryleigh
4%

Score Distribution

Percentile by Number Answered

Percent of People with Each Score

Your Score History

You have not taken this quiz